000 00439nam a22001937a 4500
003 MPLRDC
005 20220104142403.0
008 210129b ||||| |||| 00| 0 eng d
020 _a967-9938-06-9
082 _a859.61 ZZ v.6
100 _a钟子编
245 _a蚊子
_c
250 _a第一版
260 _a
_b集达出版社
_c1986
300 _b
490 _a昆虫故事丛书
650 _a
942 _cBK
_o859.61 ZZ v.6
999 _c30455
_d30445